| Tag |
First Indicator |
Second Indicator |
Subfields |
| LEADER |
00000cam a2200000 a 4500 |
| 001 |
in00001148413 |
| 005 |
20151001070620.0 |
| 008 |
940603s1993 enk b 000 0 eng d |
| 020 |
|
|
|a 0460871811
|
| 035 |
|
|
|a (OCoLC)30539716
|
| 035 |
|
|
|9 AGE1038AM
|
| 040 |
|
|
|a TXA
|c TXA
|d UtOrBLW
|
| 049 |
|
|
|a TXAM
|
| 090 |
|
|
|a PR2802.A2
|b A53 1993
|
| 100 |
1 |
|
|a Shakespeare, William,
|d 1564-1616.
|
| 245 |
1 |
0 |
|a Antony and Cleopatra /
|c William Shakespeare ; edited by John F. Andrews ; foreword by Tony Randall.
|
| 264 |
|
1 |
|a London :
|b J.M. Dent ;
|a Rutland, Vt. :
|b C.E. Tuttle,
|c 1993.
|
| 300 |
|
|
|a xxv, 363 pages ;
|c 20 cm.
|
| 336 |
|
|
|a text
|b txt
|2 rdacontent
|
| 337 |
|
|
|a unmediated
|b n
|2 rdamedia
|
| 338 |
|
|
|a volume
|b nc
|2 rdacarrier
|
| 490 |
1 |
|
|a The Everyman Shakespeare
|
| 490 |
0 |
|
|a Everyman library
|
| 504 |
|
|
|a Includes bibliographical references.
|
| 600 |
0 |
0 |
|a Cleopatra,
|c Queen of Egypt,
|d -30 B.C.
|x In literature.
|
| 600 |
1 |
0 |
|a Antonius, Marcus,
|d 83 B.C.?-30 B.C.
|x In literature.
|
| 700 |
1 |
|
|a Andrews, John F. (John Frank),
|d 1942-
|
| 830 |
|
0 |
|a Everyman Shakespeare.
|
| 999 |
|
|
|a MARS
|
| 999 |
f |
f |
|s 282f1f86-48b4-34c7-8171-b64f9187caad
|i f19b8d22-59d7-3f7f-9966-146dc4792790
|t 0
|
| 952 |
f |
f |
|p normal
|a Texas A&M University
|b College Station
|c Sterling C. Evans Library
|s Evans stk
|d Evans: Library Stacks
|t 0
|e PR2802.A2 A53 1993
|h Library of Congress classification
|i unmediated -- volume
|m A14818191862
|
| 998 |
f |
f |
|a PR2802.A2 A53 1993
|t 0
|l Evans: Library Stacks
|